Listo para imprenta: cómo llevar los proyectos de la pantalla al papel
Gorde:
| Egile nagusia: | |
|---|---|
| Formatua: | Liburua |
| Hizkuntza: | gaztelania |
| Argitaratua: |
Barcelona
Index Book
2005
|
| Edizioa: | 1a. ed |
| Gaiak: | |
| Etiketak: |
Etiketa erantsi
Etiketarik gabe, Izan zaitez lehena erregistro honi etiketa jartzen!
|
MARC
| LEADER | 00000nam a2200000 a 4500 | ||
|---|---|---|---|
| 001 | UCI2740 | ||
| 003 | CL-VaPUC | ||
| 008 | 070907e20050000SP |||||||||||||||||spa|d | ||
| 020 | |a 8496309304 | ||
| 082 | 0 | 4 | |a 681.62 |b GAT |2 21 |
| 100 | 0 | |a Gatter, Mark |e author |9 523915 | |
| 245 | 1 | 0 | |a Listo para imprenta: cómo llevar los proyectos de la pantalla al papel |
| 250 | |a 1a. ed | ||
| 300 | |a 179 p | ||
| 942 | |c BK | ||
| 945 | |d 20070907 00:00:00 |a jtorresc | ||
| 260 | |a Barcelona |b Index Book |c 2005 | ||
| 650 | 0 | |a Imprenta |9 265883 | |
| 650 | 0 | |a Maquinaria |9 260482 | |
| 650 | 0 | |a Exposiciones |9 265884 | |
| 583 | |a last modification |c 20070907 00:00:00 |k Rodrigo Vera | ||
| 999 | |c 327206 |d 327204 | ||
| 952 | |0 0 |1 0 |4 0 |6 681_620000000000000_GAT_2005 |7 0 |8 A |9 409746 |a BIBARQ |b BIBARQ |d 2019-11-22 |i 4369394 |o 681.62 GAT 2005 |p 4369394 |r 2025-01-20 |w 2019-11-22 |y BK |k ARQ | ||
| 952 | |0 0 |1 0 |4 0 |6 681_620000000000000_GAT_2005 |7 0 |8 A |9 409747 |a BIBARQ |b BIBARQ |d 2019-11-22 |i 4369408 |l 4 |m 2 |o 681.62 GAT 2005 |p 4369408 |r 2025-04-21 |s 2025-04-11 |w 2019-11-22 |y BK |k ARQ | ||